000 00273nam a2200097Ia 4500
008 171211s9999 xx 000 0 und d
245 2 _aA Tank Gunner’s Story: Gunner Gruntz Of The 712th Tank Battalion
245 _cLouis G Gruntz Jr
260 _c2014
650 _xMilitary
999 _c348322
_d348322